| 000 | 00604nam a22002057a 4500 | ||
|---|---|---|---|
| 999 |
_c3199 _d3199 |
||
| 005 | 20231107082634.0 | ||
| 008 | 231107b ||||| |||| 00| 0 eng d | ||
| 020 | _a9787107323836 | ||
| 040 | _cKH8 | ||
| 082 | _a495.186 JIA | ||
| 100 |
_aJiao yu bu zu zhi bian xie _eAuthor |
||
| 245 |
_aYu wen / 语文 _cJiao yu bu zu zhi bian xie |
||
| 250 | _aDi 1 ban | ||
| 260 |
_aBeijing Shi, _bRen min jiao yu chu ban she( 人民教育出版社) , _c2017 |
||
| 300 |
_avolumes : _bcolor illustrations ; _c 26 cm |
||
| 650 | _aChina | ||
| 650 | _aChinese language | ||
| 650 | _aTextbooks | ||
| 942 |
_2ddc _cTR |
||